[Event "Oberliga Baden 2324"]
[Site "Germany"]
[Date "2024.02.04"]
[Round "6.5"]
[White "Hirschberg, Valerian"]
[Black "Podat, Vladimir"]
[Result "1/2-1/2"]
[WhiteElo "2259"]
[BlackElo "2254"]
[PlyCount "85"]
[EventDate "2023.09.17"]
[EventType "team-tourn"]
[EventRounds "9"]
[EventCountry "GER"]
[SourceTitle "EXT 2025"]
[Source "ChessBase"]
[SourceDate "2024.10.14"]
[SourceVersion "1"]
[SourceVersionDate "2024.10.14"]
[SourceQuality "1"]
[WhiteTeam "Ettlingen"]
[BlackTeam "Untergrombach"]
[WhiteTeamCountry "GER"]
[BlackTeamCountry "GER"]

1. Nf3 d5 2. g3 Nf6 3. Bg2 e6 4. 0-0 Be7 5. d4 0-0 6. c4 dxc4 7. Qc2 a6 8. a4 Bd7 9. Qxc4 Bc6 10. Bg5 Nbd7 11. Nc3 h6 12. Bxf6 Nxf6 13. Ne5 Bxg2 14. Kxg2 Qd6 15. Rfd1 Rfd8 16. e4 c5 17. Nf3 cxd4 18. Rxd4 Qc5 19. Qxc5 Bxc5 20. Rc4 Rac8 21. Rd1 Rxd1 22. Nxd1 b5 23. axb5 axb5 24. Rc1 b4 25. Ne5 Rd8 26. Rxc5 Rxd1 27. Rc4 b3 28. Rb4 Rd2 29. Rxb3 Nxe4 30. Nd3 f5 31. Kf3 Rxf2+ 32. Nxf2 Nd2+ 33. Ke3 Nxb3 34. Kd3 Kf7 35. Kc4 Nd2+ 36. Kd3 Nb3 37. Kc4 Nd2+ 38. Kb5 Ke7 39. Kc5 Nb3+ 40. Kc4 Nd2+ 41. Kc5 Nb3+ 42. Kc4 Nd2+ 43. Kc5 1/2-1/2

[Event "Oberliga Baden 2223"]
[Site "Germany"]
[Date "2022.11.27"]
[Round "4.3"]
[White "Jaeggi, Dorian"]
[Black "Hirschberg, Valerian"]
[Result "1-0"]
[WhiteElo "2327"]
[BlackElo "2249"]
[PlyCount "103"]
[EventDate "2022.09.18"]
[EventType "team-tourn"]
[EventRounds "9"]
[EventCountry "GER"]
[SourceTitle "EXT 2024"]
[Source "ChessBase"]
[SourceDate "2023.10.10"]
[SourceVersion "1"]
[SourceVersionDate "2023.10.10"]
[SourceQuality "1"]
[WhiteTeam "Brombach"]
[BlackTeam "Ettlingen"]
[WhiteTeamCountry "GER"]
[BlackTeamCountry "GER"]

1. e4 c5 2. Nf3 Nc6 3. d4 cxd4 4. Nxd4 Nf6 5. Nc3 e5 6. Ndb5 d6 7. Bg5 a6 8. Na3 b5 9. Nd5 Be7 10. Bxf6 Bxf6 11. c3 Bg5 12. Nc2 Rb8 13. a4 bxa4 14. Ncb4 Bd7 15. Bxa6 Ne7 16. 0-0 0-0 17. Bc4 Kh8 18. Nxe7 Bxe7 19. Qe2 f5 20. exf5 Rxf5 21. Bd3 Rg5 22. Be4 Qe8 23. Rfd1 Bf8 24. Qe3 Rg4 25. g3 Qd8 26. Rd2 Be7 27. Qf3 Qc8 28. Nc6 Bxc6 29. Bxc6 Rc4 30. Bd5 Rc5 31. Rxa4 Qd7 32. b3 Rf8 33. Qd3 Qc7 34. c4 Ra5 35. Rxa5 Qxa5 36. Be4 g6 37. h4 Kg7 38. Kg2 Rf6 39. Qe3 Bd8 40. c5 Bc7 41. h5 Qxc5 42. Rc2 Qb6 43. Rc6 Qb8 44. b4 Bd8 45. h6+ Kf8 46. Ra6 Kg8 47. Ra8 Qc7 48. Bd5+ Kf8 49. Ra7 Qb6 50. Rxh7 Qxe3 51. fxe3 g5 52. Kh3 1-0

[Event "CAN-ch International"]
[Site "Longueuil"]
[Date "2019.10.12"]
[Round "3"]
[White "Hirschberg, Valerian"]
[Black "Tanaka, Tyler Tsutomu"]
[Result "1/2-1/2"]
[WhiteElo "2266"]
[BlackElo "2267"]
[PlyCount "71"]
[EventDate "2019.10.11"]
[EventType "swiss"]
[EventRounds "5"]
[EventCountry "CAN"]
[SourceTitle "CBM 192 Extra"]
[Source "Chessbase"]
[SourceDate "2019.11.06"]
[SourceVersion "1"]
[SourceVersionDate "2019.11.06"]
[SourceQuality "1"]

1. Nf3 Nf6 2. c4 g6 3. g3 Bg7 4. Bg2 c5 5. d4 0-0 6. 0-0 d6 7. Nc3 Nc6 8. dxc5 dxc5 9. Be3 Ng4 10. Qxd8 Rxd8 11. Bxc5 Be6 12. h3 Nf6 13. Rfd1 Nd7 14. Bd4 Bxc4 15. Bxg7 Kxg7 16. Nd4 Nde5 17. Nc2 Ba6 18. f4 Nc4 19. b4 Nd6 20. Rxd6 Rxd6 21. b5 Bxb5 22. Nxb5 Rd2 23. Nba3 Rxe2 24. Rd1 Rd8 25. Rxd8 Nxd8 26. Kf1 Rd2 27. Be4 f5 28. Nc4 Rd1+ 29. Ke2 Rg1 30. Kf2 Rc1 31. Bd3 Rd1 32. Be2 Rc1 33. N4e3 Nc6 34. Bd1 Rb1 35. Ke2 Nb4 36. Nxb4 1/2-1/2

[Event "CAN-ch International"]
[Site "Longueuil"]
[Date "2019.10.12"]
[Round "2"]
[White "Ortiz Suarez, Isan Reynaldo"]
[Black "Hirschberg, Valerian"]
[Result "1-0"]
[WhiteElo "2555"]
[BlackElo "2266"]
[PlyCount "72"]
[EventDate "2019.10.11"]
[EventType "swiss"]
[EventRounds "5"]
[EventCountry "CAN"]
[SourceTitle "CBM 192 Extra"]
[Source "Chessbase"]
[SourceDate "2019.11.06"]
[SourceVersion "1"]
[SourceVersionDate "2019.11.06"]
[SourceQuality "1"]

1. e4 c5 2. Nf3 Nc6 3. Bb5 g6 4. Bxc6 bxc6 5. d4 Bg7 6. dxc5 Qa5+ 7. Nbd2 Nf6 8. 0-0 Qxc5 9. c4 0-0 10. a3 Qh5 11. Re1 Ng4 12. Rb1 c5 13. b4 d6 14. Bb2 Bxb2 15. Rxb2 Ne5 16. Nxe5 Qxe5 17. Qc2 Rb8 18. b5 Bb7 19. Rb3 e6 20. Nf3 Qf4 21. Rbe3 Rfc8 22. Qd2 Rd8 23. Qa5 d5 24. exd5 exd5 25. cxd5 Bxd5 26. Ne5 Qg5 27. f3 Qf6 28. a4 Kg7 29. Qxa7 Ra8 30. Qxc5 Rxa4 31. Rd3 Be6 32. b6 Bc8 33. Rxd8 Qxd8 34. Rc1 Ra2 35. Nxf7 Kxf7 36. Qc7+ Qxc7 1-0

[Event "Montreal Varennes op"]
[Site "Montreal"]
[Date "2018.10.07"]
[Round "5"]
[White "Hirschberg, Valerian"]
[Black "Dukic, Zachary"]
[Result "1/2-1/2"]
[WhiteElo "2277"]
[BlackElo "2145"]
[PlyCount "68"]
[EventDate "2018.10.05"]
[EventType "swiss"]
[EventRounds "5"]
[EventCountry "CAN"]
[SourceTitle "CBM 187 Extra"]
[Source "ChessBase"]
[SourceDate "2018.11.04"]
[SourceVersion "1"]
[SourceVersionDate "2018.11.04"]
[SourceQuality "1"]

1. Nf3 Nf6 2. c4 g6 3. g3 Bg7 4. Bg2 0-0 5. d4 d6 6. Nc3 Nc6 7. 0-0 a6 8. h3 Rb8 9. e4 b5 10. cxb5 axb5 11. Re1 e6 12. Bg5 h6 13. Be3 b4 14. Ne2 Nxe4 15. Qc1 Ne7 16. Bxh6 Bb7 17. Bxg7 Kxg7 18. Qc2 Nf6 19. Nf4 Ned5 20. Nd3 Qd7 21. Ng5 Ba6 22. Ne4 Ng8 23. Qd2 Nge7 24. h4 Bxd3 25. Qxd3 Ra8 26. Qd2 Ra5 27. h5 Rfa8 28. hxg6 Nxg6 29. b3 R8a7 30. Bf3 Qe7 31. Kg2 Nf6 32. Rh1 Nxe4 33. Qh6+ Kg8 34. Bxe4 Qg5 1/2-1/2

[Event "Montreal Varennes op"]
[Site "Montreal"]
[Date "2018.10.07"]
[Round "4"]
[White "Qiao, Cindy"]
[Black "Hirschberg, Valerian"]
[Result "0-1"]
[WhiteElo "1822"]
[BlackElo "2277"]
[PlyCount "60"]
[EventDate "2018.10.05"]
[EventType "swiss"]
[EventRounds "5"]
[EventCountry "CAN"]
[SourceTitle "CBM 187 Extra"]
[Source "ChessBase"]
[SourceDate "2018.11.04"]
[SourceVersion "1"]
[SourceVersionDate "2018.11.04"]
[SourceQuality "1"]

1. e4 c5 2. Nf3 Nc6 3. Bb5 g6 4. Bxc6 bxc6 5. 0-0 Bg7 6. Re1 Nh6 7. c3 0-0 8. h3 d5 9. d3 f5 10. exd5 cxd5 11. Bg5 Re8 12. Qa4 Nf7 13. Be3 Bd7 14. Qa3 d4 15. cxd4 cxd4 16. Bxd4 e5 17. Bc3 Bc6 18. Nbd2 Qxd3 19. Rac1 Qb5 20. b3 Rad8 21. Qb2 Rd3 22. a4 Qd5 23. Qc2 Bb7 24. Rcd1 Rd8 25. Rc1 e4 26. Bxg7 Kxg7 27. Qc7 exf3 28. Nc4 Rd7 29. Qb8 fxg2 30. Ne5 Rxh3 0-1

[Event "Montreal op"]
[Site "Montreal"]
[Date "2016.09.11"]
[Round "5"]
[White "Sriram, Jha"]
[Black "Hirschberg, Valerian"]
[Result "1/2-1/2"]
[WhiteElo "2418"]
[BlackElo "2313"]
[PlyCount "115"]
[EventDate "2016.09.09"]
[EventType "swiss"]
[EventRounds "5"]
[EventCountry "CAN"]
[SourceTitle "CBM 174 Extra"]
[Source "ChessBase"]
[SourceDate "2016.10.10"]
[SourceVersion "1"]
[SourceVersionDate "2016.10.10"]
[SourceQuality "1"]

1. d4 d5 2. c4 dxc4 3. Nf3 Nf6 4. e3 e6 5. Bxc4 a6 6. 0-0 b5 7. Bd3 Bb7 8. Qe2 Nbd7 9. Rd1 c5 10. dxc5 Bxc5 11. a3 Qc7 12. b4 Bd6 13. Bb2 0-0 14. Nbd2 Rac8 15. h3 Rfd8 16. Nb3 e5 17. Rac1 Qb8 18. Rxc8 Rxc8 19. Bf5 Rd8 20. Na5 Ba8 21. Qc2 Qb6 22. Nc6 Bxc6 23. Rxd6 Be4 24. Qd1 Qc7 25. Bxd7 Bxf3 26. gxf3 Rxd7 27. Bxe5 Rxd6 28. Qxd6 Qxd6 29. Bxd6 Nd5 30. Be5 Nb6 31. Bb2 Nc4 32. Bc1 Kf8 33. Kf1 Ke7 34. f4 Ke6 35. Ke2 Kd5 36. Kd3 f5 37. f3 g6 38. e4+ Kd6 39. a4 Nb6 40. axb5 axb5 41. Kd4 Nc8 42. Be3 Ne7 43. Kd3 Nc6 44. Bc5+ Ke6 45. Ke3 Kf7 46. Kd3 Ke6 47. Kc3 Kf7 48. Be3 Ke6 49. Bd2 Kf7 50. Kd3 Ke6 51. Bc3 Kf7 52. Ke3 Kg8 53. Kf2 Nd8 54. Kg3 Ne6 55. Be5 h6 56. Kh4 Kh7 57. Kg3 Kg8 58. Kh4 1/2-1/2

[Event "Quebec-ch op"]
[Site "Montreal"]
[Date "2016.07.25"]
[Round "4"]
[White "Hirschberg, Valerian"]
[Black "Berube, Antoine"]
[Result "1-0"]
[WhiteElo "2329"]
[BlackElo "2129"]
[PlyCount "89"]
[EventDate "2016.07.23"]
[EventType "swiss"]
[EventRounds "8"]
[EventCountry "CAN"]
[SourceTitle "CBM 173 Extra"]
[Source "ChessBase"]
[SourceDate "2016.08.29"]
[SourceVersion "1"]
[SourceVersionDate "2016.08.29"]
[SourceQuality "1"]

1. Nf3 d5 2. c4 c6 3. g3 Bg4 4. Bg2 e6 5. cxd5 Bxf3 6. Bxf3 cxd5 7. 0-0 Nc6 8. d3 Nf6 9. Nc3 Be7 10. a3 0-0 11. b4 a5 12. b5 Nd4 13. Bg2 a4 14. Bb2 Nb3 15. Rb1 Qa5 16. Nxa4 Qxa4 17. Bxf6 Bxf6 18. Rxb3 b6 19. e4 dxe4 20. Bxe4 Ra5 21. Bc6 Rd8 22. Qc2 Bd4 23. Qa2 Bc5 24. Rc1 Qd4 25. Rc4 Qe5 26. a4 Rd4 27. Rbc3 g6 28. Kg2 Qd6 29. Be4 Ra7 30. Rxd4 Bxd4 31. Rc6 Qb4 32. Rc4 Qd6 33. Bc6 Kg7 34. Qe2 e5 35. Qa2 f6 36. Qb3 Bc5 37. h4 h5 38. g4 hxg4 39. Rxg4 f5 40. Rg5 Qd4 41. Qe6 Qxf2+ 42. Kh3 Qe3+ 43. Rg3 Qh6 44. Be8 Kf8 45. Bxg6 1-0

[Event "Quebec-ch op"]
[Site "Montreal"]
[Date "2016.07.24"]
[Round "2"]
[White "Hirschberg, Valerian"]
[Black "Turcotte, Jonathan"]
[Result "1-0"]
[WhiteElo "2329"]
[BlackElo "1975"]
[PlyCount "51"]
[EventDate "2016.07.23"]
[EventType "swiss"]
[EventRounds "8"]
[EventCountry "CAN"]
[SourceTitle "CBM 173 Extra"]
[Source "ChessBase"]
[SourceDate "2016.08.29"]
[SourceVersion "1"]
[SourceVersionDate "2016.08.29"]
[SourceQuality "1"]

1. Nf3 d5 2. c4 c6 3. g3 Nf6 4. Bg2 Bf5 5. cxd5 cxd5 6. Qb3 Nc6 7. 0-0 e5 8. d3 Be7 9. Bg5 0-0 10. Nc3 d4 11. Bxf6 Bxf6 12. Nd5 Rb8 13. Rfc1 Be6 14. Nxf6+ gxf6 15. Qd1 f5 16. Qd2 f6 17. Nh4 Rc8 18. Rc5 Qd7 19. f4 b6 20. Rxc6 Rxc6 21. Bxc6 Qxc6 22. fxe5 fxe5 23. Qg5+ Kh8 24. Qh6 Rf7 25. Ng6+ Kg8 26. Nxe5 1-0

[Event "Quebec-ch op"]
[Site "Montreal"]
[Date "2016.07.24"]
[Round "3"]
[White "Tremblay, Alain"]
[Black "Hirschberg, Valerian"]
[Result "1/2-1/2"]
[WhiteElo "2044"]
[BlackElo "2329"]
[PlyCount "119"]
[EventDate "2016.07.23"]
[EventType "swiss"]
[EventRounds "8"]
[EventCountry "CAN"]
[SourceTitle "CBM 173 Extra"]
[Source "ChessBase"]
[SourceDate "2016.08.29"]
[SourceVersion "1"]
[SourceVersionDate "2016.08.29"]
[SourceQuality "1"]

1. Nf3 Nf6 2. c4 c5 3. Nc3 g6 4. g3 Bg7 5. Bg2 0-0 6. 0-0 d5 7. cxd5 Nxd5 8. d4 Nxc3 9. bxc3 cxd4 10. cxd4 Nc6 11. e3 Be6 12. Bd2 Rc8 13. Qa4 Bd5 14. Rfc1 Be4 15. Bc3 Qd5 16. Ne1 Bxg2 17. Nxg2 e5 18. dxe5 Nxe5 19. Bxe5 Bxe5 20. Rab1 a6 21. Rd1 Qf3 22. Ne1 Qe2 23. Qe4 Bg7 24. a4 Rc4 25. Qf3 Qxf3 26. Nxf3 Rb8 27. Rd7 Rxa4 28. Rbxb7 Rxb7 29. Rxb7 Ra1+ 30. Kg2 Bc3 31. Ng5 a5 32. Ra7 a4 33. Nxf7 a3 34. Nd6 Bb4 35. Nc4 Bc5 36. Ra5 Bf8 37. Ra7 a2 38. Ne5 Be7 39. Nc6 Bc5 40. Ra5 Kf7 41. Nd4 Bxd4 42. exd4 g5 43. Ra6 g4 44. d5 Ke7 45. Re6+ Kd7 46. Ra6 h6 47. d6 h5 48. Ra7+ Kxd6 49. Ra6+ Kc5 50. Ra8 Kb4 51. Rb8+ Kc3 52. Rc8+ Kb2 53. Rb8+ Kc1 54. Rc8+ Kd2 55. Rd8+ Kc3 56. Rc8+ Kd4 57. Rd8+ Kc5 58. Ra8 Kb6 59. Ra3 Kb5 60. Ra8 1/2-1/2

[Event "Quebec-ch op"]
[Site "Montreal"]
[Date "2016.07.23"]
[Round "1"]
[White "Lebeau, Gilbert"]
[Black "Hirschberg, Valerian"]
[Result "0-1"]
[WhiteElo "1993"]
[BlackElo "2329"]
[PlyCount "130"]
[EventDate "2016.07.23"]
[EventType "swiss"]
[EventRounds "8"]
[EventCountry "CAN"]
[SourceTitle "CBM 173 Extra"]
[Source "ChessBase"]
[SourceDate "2016.08.29"]
[SourceVersion "1"]
[SourceVersionDate "2016.08.29"]
[SourceQuality "1"]

1. d4 d5 2. c4 dxc4 3. e3 a6 4. Bxc4 Nf6 5. Nf3 e6 6. 0-0 b5 7. Be2 Bb7 8. a3 c5 9. dxc5 Bxc5 10. Qxd8+ Kxd8 11. b4 Bd6 12. Bb2 Nbd7 13. Nbd2 e5 14. Rfd1 Ke7 15. Nb3 Rhc8 16. Rac1 Rxc1 17. Rxc1 Rc8 18. Rxc8 Bxc8 19. Na5 e4 20. Nd4 Ne5 21. Ndc6+ Nxc6 22. Nxc6+ Kf8 23. Nd4 Nd5 24. Bd1 Nb6 25. Bb3 g6 26. Kf1 Bb7 27. h3 Bd5 28. Bxd5 Nxd5 29. Ke2 Nb6 30. Nb3 Nc4 31. Bc1 Ke7 32. f4 Kd7 33. g4 Kc6 34. Kd1 Kb6 35. Kc2 Kc6 36. Na5+ Nxa5 37. bxa5 Kd5 38. Kb3 h5 39. Kc3 Bc7 40. Kb4 hxg4 41. hxg4 f5 42. gxf5 gxf5 43. Bd2 Bd6+ 44. Kb3 Bc5 45. Bc1 Ke6 46. a4 Kd5 47. axb5 axb5 48. Bd2 Kc6 49. Kc3 Kb7 50. Kb3 Ka6 51. Kb2 Ba7 52. Kb3 Bb8 53. Kc3 Kxa5 54. Kd4+ Ka4 55. Kd5 b4 56. Bxb4 Kxb4 57. Ke6 Kc3 58. Kxf5 Kd3 59. Ke6 Bxf4 60. exf4 e3 61. f5 e2 62. f6 e1Q+ 63. Kf7 Qe5 64. Kg6 Kd4 65. f7 Qh8 0-1

[Event "Montreal McGill Cup"]
[Site "Montreal"]
[Date "2016.04.29"]
[Round "1"]
[White "Jacquet, Stephane"]
[Black "Hirschberg, Valerian"]
[Result "0-1"]
[WhiteElo "1999"]
[BlackElo "2317"]
[PlyCount "94"]
[EventDate "2016.04.29"]
[EventType "swiss"]
[EventRounds "5"]
[EventCountry "CAN"]
[SourceTitle "CBM 172 Extra"]
[Source "ChessBase"]
[SourceDate "2016.06.21"]
[SourceVersion "1"]
[SourceVersionDate "2016.06.21"]
[SourceQuality "1"]

1. d4 d5 2. c4 dxc4 3. e3 a6 4. Bxc4 Nf6 5. Nf3 e6 6. 0-0 b5 7. Bb3 Bb7 8. a4 b4 9. Nbd2 Nbd7 10. Qe2 c5 11. a5 Be7 12. Nc4 0-0 13. Rd1 Qc7 14. Bd2 Bd5 15. Ba4 cxd4 16. Rdc1 d3 17. Qxd3 Qb7 18. Nfe5 Nc5 19. Qf1 Nfe4 20. Be1 f6 21. Nf3 Nxa4 22. Rxa4 Bc6 23. Raa1 e5 24. Nb6 Bb5 25. Nc4 Nc5 26. Nfd2 e4 27. Qe2 Rad8 28. Qg4 f5 29. Qg3 Nd3 30. Rd1 Rf6 31. b3 Rh6 32. h3 Rg6 33. Qh2 Rf8 34. Nf1 f4 35. Ra2 f3 36. g3 Bxc4 37. bxc4 b3 38. Raa1 b2 39. Rab1 Rc8 40. Nd2 Bb4 41. Kf1 Nxe1 42. Kxe1 Bxa5 43. g4 Bc7 44. Qg1 Rd8 45. g5 Ba5 46. Qg4 Rgd6 47. g6 Rxg6 0-1

[Event "Oberliga Baden 1516"]
[Site "Baden"]
[Date "2015.10.11"]
[Round "2.3"]
[White "Hirschberg, Valerian"]
[Black "Martin, Julian"]
[Result "1-0"]
[WhiteElo "2320"]
[BlackElo "2213"]
[PlyCount "83"]
[EventDate "2015.09.20"]
[EventType "team-tourn"]
[EventRounds "9"]
[EventCountry "GER"]
[SourceTitle "EXT 2018"]
[Source "ChessBase"]
[SourceDate "2017.10.13"]
[SourceVersion "1"]
[SourceVersionDate "2017.10.13"]
[SourceQuality "1"]
[WhiteTeam "Karlsruhe SF"]
[BlackTeam "Baden-Baden III"]
[WhiteTeamCountry "GER"]
[BlackTeamCountry "GER"]

1. Nf3 Nf6 2. c4 e6 3. g3 d5 4. Bg2 dxc4 5. Qa4+ c6 6. Qxc4 b5 7. Qb3 Bb7 8. 0-0 Nbd7 9. d4 Qb6 10. a4 a6 11. axb5 cxb5 12. Bd2 Be7 13. Ba5 Qd6 14. Rc1 0-0 15. Nbd2 Rac8 16. Qd3 Rxc1+ 17. Rxc1 Bd8 18. Bxd8 Rxd8 19. Bf1 Qb4 20. Rc2 Nf8 21. e4 Ba8 22. Qe3 h6 23. Bd3 N6d7 24. Qf4 e5 25. Qh4 Re8 26. d5 Nc5 27. Be2 Ng6 28. Qh3 Bb7 29. Ne1 Bc8 30. Qg2 Nb3 31. Nxb3 Qxe1+ 32. Qf1 Qb4 33. Nc5 Qd4 34. Bf3 Kh7 35. Qc1 Bh3 36. Nxa6 f5 37. Rd2 Qa4 38. Nc7 Rc8 39. d6 fxe4 40. Bg2 Bxg2 41. d7 Rd8 42. Ne6 1-0

[Event "Charlesbourg Olympiade"]
[Site "Charlesbourg"]
[Date "2014.11.24"]
[Round "3"]
[White "Lessard, Claude"]
[Black "Hirschberg, Valerian"]
[Result "1/2-1/2"]
[WhiteElo "2058"]
[BlackElo "2323"]
[PlyCount "104"]
[EventDate "2014.11.10"]
[EventType "swiss"]
[EventRounds "6"]
[EventCountry "CAN"]
[SourceTitle "EXT 2022"]
[Source "ChessBase"]
[SourceDate "2021.10.06"]
[SourceVersion "1"]
[SourceVersionDate "2021.10.06"]
[SourceQuality "1"]

1. Nf3 Nf6 2. d4 d5 3. g3 Bf5 4. Nbd2 e6 5. Bg2 Be7 6. 0-0 Nbd7 7. Nh4 Be4 8. Nxe4 dxe4 9. f3 c5 10. c3 exf3 11. Bxf3 Qb6 12. d5 0-0-0 13. dxe6 fxe6 14. Qa4 Ne5 15. Bg2 c4+ 16. Kh1 Nfg4 17. Bf4 Bxh4 18. gxh4 h6 19. h5 Qc5 20. b4 cxb3 21. axb3 a6 22. Bxb7+ Kxb7 23. Qxa6+ Kc7 24. Qxe6 Rd6 25. Qe7+ Kb8 26. Ra4 Nf2+ 27. Kg2 Rg6+ 28. hxg6 Qxe7 29. Rxf2 Re8 30. Bg3 Qb7+ 31. e4 Kc8 32. Rfa2 Qb5 33. Ra5 Qc6 34. Ra8+ Kd7 35. R8a7+ Kd8 36. Bh4+ Kc8 37. Ra8+ Kc7 38. R8a7+ Kb8 39. R7a4 Re6 40. Rb4+ Kc8 41. Raa4 Rxg6+ 42. Bg3 Kd7 43. Ra7+ Ke6 44. Rba4 Qxc3 45. R4a6+ Nc6 46. Rc7 Qc2+ 47. Kh3 Rxg3+ 48. hxg3 Qxe4 49. Raxc6+ Kd5 50. Rc5+ Kd6 51. R5c6+ Kd5 52. Rc5+ Kd6 1/2-1/2

[Event "Quebec-ch Amateur"]
[Site "Montreal"]
[Date "2014.10.13"]
[Round "7"]
[White "Abreu Cordero, Jose Leonardo"]
[Black "Hirschberg, Valerian"]
[Result "0-1"]
[WhiteElo "2009"]
[BlackElo "2319"]
[PlyCount "116"]
[EventDate "2014.10.10"]
[EventType "swiss"]
[EventRounds "7"]
[EventCountry "CAN"]
[SourceTitle "EXT 2022"]
[Source "ChessBase"]
[SourceDate "2021.10.06"]
[SourceVersion "1"]
[SourceVersionDate "2021.10.06"]
[SourceQuality "1"]

1. e4 c5 2. Nf3 Nc6 3. Nc3 Nf6 4. d4 cxd4 5. Nxd4 e5 6. Ndb5 d6 7. Bg5 a6 8. Na3 b5 9. Nd5 Be7 10. Bxf6 Bxf6 11. c3 Bg5 12. Nc2 Rb8 13. Bd3 0-0 14. h4 Bh6 15. Nce3 Bxe3 16. Nxe3 Ne7 17. Qd2 Be6 18. f3 Qb6 19. Bc2 Qc5 20. a3 a5 21. Ke2 Rfd8 22. Rhd1 d5 23. exd5 Nxd5 24. Nxd5 Bxd5 25. Qe3 Qc4+ 26. Bd3 Qb3 27. Rd2 Bc4 28. Bxc4 Qxc4+ 29. Kf2 Qxh4+ 30. Kg1 Rxd2 31. Qxd2 Rd8 32. Qe2 h6 33. Rf1 Qg5 34. Rd1 Rxd1+ 35. Qxd1 a4 36. Kf2 Qh4+ 37. Ke2 Qc4+ 38. Kf2 Qc5+ 39. Ke2 g6 40. Qd2 Kg7 41. Kd3 Qd5+ 42. Kc2 Qxd2+ 43. Kxd2 Kf6 44. Kd3 Ke6 45. c4 bxc4+ 46. Kxc4 f5 47. b3 axb3 48. Kxb3 Kd5 49. a4 h5 50. a5 g5 51. Kc3 h4 52. Kd3 g4 53. fxg4 fxg4 54. Ke3 h3 55. gxh3 gxh3 56. Kf2 e4 57. a6 Kc6 58. Kg3 e3 0-1

[Event "Quebec-ch Amateur"]
[Site "Montreal"]
[Date "2014.10.12"]
[Round "5"]
[White "Robichaud, Louis"]
[Black "Hirschberg, Valerian"]
[Result "0-1"]
[WhiteElo "1982"]
[BlackElo "2319"]
[PlyCount "76"]
[EventDate "2014.10.10"]
[EventType "swiss"]
[EventRounds "7"]
[EventCountry "CAN"]
[SourceTitle "EXT 2022"]
[Source "ChessBase"]
[SourceDate "2021.10.06"]
[SourceVersion "1"]
[SourceVersionDate "2021.10.06"]
[SourceQuality "1"]

1. e4 c5 2. d3 Nc6 3. g3 g6 4. Bg2 Bg7 5. f4 e6 6. Nf3 Nge7 7. 0-0 0-0 8. c3 d6 9. Be3 b6 10. Qe2 Ba6 11. Bf2 Rb8 12. Nbd2 Qc8 13. Rab1 Rd8 14. b4 cxb4 15. cxb4 Bb5 16. a4 Bxa4 17. b5 Na5 18. Rb4 Bc2 19. Nc4 Bc3 20. Qxc2 Bxb4 21. Qb2 Bc5 22. Qf6 Bxf2+ 23. Rxf2 Rd7 24. Ng5 Qe8 25. Ne3 h6 26. Nxe6 fxe6 27. Bh3 Kh7 28. Qxe6 Rc7 29. f5 gxf5 30. Nxf5 Ng6 31. Qxd6 Qe5 32. d4 Rc1+ 33. Bf1 Qxd6 34. Nxd6 Rf8 35. Nf5 Nc4 36. Kg2 Rf7 37. Bd3 Rc3 38. Rf3 Nd6 0-1